书目信息 |
| 题名: |
鱼形艺术
|
|
| 作者: | 高国柱 , 王德鹏 编绘 | |
| 分册: | ||
| 出版信息: | 长春 吉林人民出版社 1984.5 |
|
| 页数: | 224页 | |
| 开本: | 13cm | |
| 丛书名: | ||
| 单 册: | ||
| 中图分类: | J522.2 | |
| 科图分类: | ||
| 主题词: | 工艺美术--中国 | |
| 电子资源: | ||
| ISBN: | ||
| 000 | 00584nam0 2200205 45 | |
| 001 | 0312221749 | |
| 005 | 20031222171145.3 | |
| 010 | @dCNY0.92 | |
| 100 | @a20031222d1984 km y0chiy0120 ea | |
| 101 | @achi | |
| 105 | @a z 000yy | |
| 200 | 1 | @a鱼形艺术@AYu Xing Yi Shu@f高国柱,王德鹏编绘@FGao Guo Zhu,Wang De Peng Bian Hui |
| 210 | @a长春@c吉林人民出版社@d1984.5 | |
| 215 | @a224页@c绘图,照@d13cm | |
| 606 | 0 | @a工艺美术@x中国 |
| 690 | @aJ522.2@v3 | |
| 701 | 0 | @a高国柱@4编绘 |
| 701 | 0 | @a王德鹏@4编绘 |
| 801 | @aCN@bTSTCL@c20031222 | |
| 905 | @a213230@dJ522.2@e25@b228735-736@f2 | |
| 鱼形艺术/高国柱,王德鹏编绘.-长春:吉林人民出版社,1984.5 |
| 224页:绘图,照;13cm |
| ISBN :CNY0.92 |
| ● |
| 相关链接 |
|
|
|
|
正题名:鱼形艺术
索取号:J522.2/25
 
预约/预借
| 序号 | 登录号 | 条形码 | 馆藏地/架位号 | 状态 | 备注 |
| 1 | 0228735 | 001848709 | 密集书库/ [索取号:J522.2/25] | 在馆 | |
| 2 | 0228736 | 001848665 | 密集书库/ [索取号:J522.2/25] | 在馆 | |
| 3 | 0228737 | 202112533 | 第一样本阅览室/ [索取号:J522.2/25] | 在馆 |